Score 0/7 Timer 01:00
0 Plays Today
% Correct
Close Encounters of the Third Kind
78.9%
Lincoln
74.1%
E.T. the Extra-Terrestrial
69.8%
Saving Private Ryan
64.7%
Schindler's List
63.6%
Munich
61%
Raiders of the Lost Ark
56.7%

You're not logged in!

Compare scores with friends on all Sporcle quizzes.
OR
Log In

Sporcle TV

Today on Sporcle TV


Watch our educational content, quiz creation guides, and fun videos on Sporcle TV.

Show Comments

Extras

Top Quizzes Today


Score Distribution

Paid Content

Your Account Isn't Verified!

In order to create a playlist on Sporcle, you need to verify the email address you used during registration. Go to your Sporcle Settings to finish the process.

Report this User

Report this user for behavior that violates our Community Guidelines.

Details: